000 00244nam a22001097a 4500
999 _c167748
_d167748
082 _a
_b
100 _aKamaleswar
245 _aEk sarak sattawan galiyan/
_cby Kamaleswar.
260 _aNew Delhi:
_bRajpal,
_c2001.
650 _a
942 _cBK